000 00817nam a22002775i 4500
001 10697
003 ES-MaACL
005 20240510063013.0
007 t|
008 940225s1994 sp ||||0| spa j
020 _a8486351502
040 _aM-BN
_bspa
_cM-BN
080 _a820(71)-14"19"
100 1 _aMackinnon, Ian.
_975258
245 1 0 _a15 poemas /
_cIan Mackinnon ; traducción y prólogo del autor.
250 _a1ª ed.
260 _aMadrid :
_bJuan Pastor,
_c1994.
300 _a59 p. ;
_c20 cm.
490 1 _aDevenir. Serie Poesía ;
_v70
500 _aTexto en inglés y traducción en español.
830 0 0 _aDevenir.
_pSerie Poesía ;
_v70
_9236243
852 _aES-MaACL
_jP-1931 N 70
_bR.122307
_910990
942 _2udc
999 _c10697
_d10697